Score 0/26 Timer 03:00
0 Plays Today
Hint 4-Letter Word % Correct
No longer aliveDEAD
96.5%
Grizzly, polar, brown, e.g.BEAR
96%
Annoying bird for farmersCROW
92.1%
Beard locationCHIN
91.5%
Word at the start of a letterDEAR
90.7%
Put on weightGAIN
90.2%
Front of the lower legSHIN
89.9%
SmileGRIN
89.4%
Unspicy, like salsaMILD
89.4%
Hold on tightlyGRIP
89.3%
Brother of AbelCAIN
89.2%
Faucet problemDRIP
87.3%
A plant that farmers growCROP
86.7%
Hint 4-Letter Word % Correct
Get a class off your scheduleDROP
86.7%
Obnoxious childBRAT
86.3%
Team of workersCREW
85.3%
To win at somethingBEAT
85.3%
Repair a ripMEND
85%
Comedian CareyDREW
83.4%
This is a terrible thing to wasteMIND
82.5%
Honey-based potent potableMEAD
81.7%
Largest human organSKIN
80.8%
★UNO card★★WILD★
80.6%
★UNO card with number ★★DRAW★
79.7%
Confounded interjectionDRAT
74.2%
★UNO card★★SKIP★
69.5%

Today's Daily Dose

Remove Ads.
Support Sporcle.
Get the best of Sporcle when you Go Orange. This ad-free experience offers more features, more stats, and more fun while also helping to support Sporcle. Thank you for becoming a member.

You're not logged in!

Compare scores with friends on all Sporcle quizzes.
OR
Log In

Show Comments

Extras

Top Quizzes Today


Score Distribution

Your Account Isn't Verified!

In order to create a playlist on Sporcle, you need to verify the email address you used during registration. Go to your Sporcle Settings to finish the process.

Report this User

Report this user for behavior that violates our Community Guidelines.

Details: